Nominations of Richard G. Darman and Ronald A. Pearlman : hearing before the Committee on Finance, United States Senate, Ninety-ninth Congress, first session, on nominations of Richard G. Darman to be Deputy Secretary of the Treasury, Ronald A. Pearlman to be Assistant Secretary of the Treasury, January 29, 1985.

Bibliographic Details
Corporate Authors: United States. Congress. Senate. Committee on Finance, ProQuest (Firm)
Format: Government Document eBook
Language:English
Published: Washington : U.S. G.P.O., 1985.
Series:U.S. Congressional Hearings.
Subjects:
Online Access:Connect to the full text of this electronic book

MARC

Tag First Indicator Second Indicator Subfields
LEADER 00000cam a22000001a 4500
001 in00003215744
006 m d f
007 cr bn mmmapmmp
008 091020s1985 dcu ob f000 0 eng d
005 20260504145646.5
035 |a cis2007449805 
040 |a UMI  |c UMI  |d UtOrBLW 
043 |a n-us--- 
074 |a 1038-A, 1038-B (microfiche) 
086 0 |a Y 4.F 49:S.hrg.99-4 
099 |a HRG-1985-FNS-0002 
110 1 |a United States.  |b Congress.  |b Senate.  |b Committee on Finance. 
245 1 0 |a Nominations of Richard G. Darman and Ronald A. Pearlman :  |b hearing before the Committee on Finance, United States Senate, Ninety-ninth Congress, first session, on nominations of Richard G. Darman to be Deputy Secretary of the Treasury, Ronald A. Pearlman to be Assistant Secretary of the Treasury, January 29, 1985. 
264 1 |a Washington :  |b U.S. G.P.O.,  |c 1985. 
300 |a 1 online resource. 
336 |a text  |b txt  |2 rdacontent 
337 |a computer  |b c  |2 rdamedia 
338 |a online resource  |b cr  |2 rdacarrier 
490 1 |a S. hrg. ;  |v 99-4 
500 |a Record is based on bibliographic data in ProQuest Congressional Hearings Digital Collection. Reuse except for individual research requires license from ProQuest, LLC. 
504 |a Includes bibliographical references. 
538 |a System requirements: PDF reader software. 
500 |a Electronic resource. 
600 1 0 |a Darman, Richard Gordon,  |d 1943-2008. 
600 1 0 |a Pearlman, Ronald A. 
610 1 0 |a United States.  |b Department of the Treasury  |x Appointments, promotions, salaries, etc. 
655 7 |a Electronic books.  |2 local 
710 2 |a ProQuest (Firm) 
776 0 8 |i Print version:  |a United States. Congress. Senate. Committee on Finance  |t Nominations of Richard G. Darman and Ronald A. Pearlman  |w (OCoLC)11935415  |w gp 85018672 
776 0 8 |i Microfiche version:  |a United States. Congress. Senate. Committee on Finance  |t Nominations of Richard G. Darman and Ronald A. Pearlman.  |d [Bethesda, Md.] : ProQuest,[2004]  |o CIS 85 S361-50  |w (ProQuest)cis08502328 
810 1 |a United States.  |b Congress.  |b Senate.  |t S. hrg. ;  |v 99-4. 
830 0 |a U.S. Congressional Hearings. 
856 4 0 |u http://proxy.library.tamu.edu/login?url=https://congressional.proquest.com/congcomp/getdoc?HEARING-ID=HRG-1985-FNS-0002  |z Connect to the full text of this electronic book  |t 0 
998 |a cis08502328 
999 |a MARS 
999 f f |s e00e128f-cbd3-3b80-9ba3-2f430f186afb  |i 122f1d7d-6722-3ea0-a8af-fb63cef6e4f1  |t 0 
952 f f |a Texas A&M University  |b College Station  |c Electronic Resources  |s www_evans  |d Available Online  |t 0  |e HRG-1985-FNS-0002  |h Other scheme 
998 f f |a HRG-1985-FNS-0002  |t 0  |l Available Online